000 00926pam a2200289 a 4500
001 652
005 20231103115125.0
020 _a0679890548
020 _a0679990542
040 _aDLC
_cDLC
_dDLC
_beng
050 0 0 _aPZ7.R8139
_bEm 1998
082 0 0 _a[Fic]
_221
100 1 _aRoy, Ron,
_d1940-
245 1 4 _aThe empty envelope /
_cby Ron Roy ; illustrated by John Steven Gurney.
260 _aNew York :
_bScholastic.
_c1998.
300 _a78 pages :
_billustrator ;
_c19 cm.
490 1 _aA to Z mysteries
500 _a"A Stepping Stone book."
505 _aK
520 _aDink and his friends unearth the mysterious truth behind the envelopes incorrectly delivered to his house.
521 1 _a610
_bLexile
521 1 _aK
_bRaz-Plus
650 1 _aMystery and detective stories.
700 1 _aGurney, John Steven,
_d1962-
_eillustrator
906 _a7
_bcbc
_corignew
_d1
_eocip
_f19
_gy-gencatlg
942 _2ddc
_cBK
_n0
999 _c652
_d652